| 000 | 00914nam a22002535i 4500 | ||
|---|---|---|---|
| 001 | 177350 | ||
| 003 | ES-MaACL | ||
| 005 | 20250827233032.0 | ||
| 008 | 110316s1968 sp ab |||| | spa d | ||
| 080 | _a930.85"09/11" | ||
| 080 | _a008"09/11" | ||
| 245 | 0 | 3 |
_aEl año mil _b: Dios, el mundo en peligro. |
| 250 | _a1ª ed. | ||
| 260 |
_aBarcelona [etc.] : _bBruguera, _c1968. |
||
| 300 |
_a253 p. : _bil. col. y n. ; _c26 cm. |
||
| 490 | 1 |
_aLas metamorfosis de la humanidad : una historia del arte y el mundo / bajo la dirección de Robert Philippe ; _v900/1100 |
|
| 500 | _aÍndices. | ||
| 504 | _aBibliografía: p. 239-241. | ||
| 650 | 0 | 4 |
_aCivilización- _xHistoria _911082 |
| 700 | 0 |
_aRobert, Philippe. _997813 |
|
| 830 | 0 | 4 |
_aLas metamorfosis de la humanidad: una historia del arte y el mundo _v900/1100 _9242127 |
| 852 |
_aES-MaACL _jE-14703 _xOlim P-1370 |
||
| 999 |
_c177350 _d177350 |
||